| 000 | 00799nam a22001937a 4500 | ||
|---|---|---|---|
| 999 |
_c63965 _d63965 |
||
| 005 | 20260227123702.0 | ||
| 008 | 260227s1990 enk||||| |||| 00| 0 eng d | ||
| 020 | _a9780520024953x | ||
| 041 | _aeng | ||
| 080 | _a331(410) :331](520) D-74 | ||
| 100 |
_aDore, Ronald. _926980 |
||
| 245 |
_aBritish factory Japanese factory : _bThe origins of national diversity in industrial relations / _c Ronald Dore. |
||
| 264 |
_aBerkeley : _bUniversity of California press, _c1990. |
||
| 300 |
_a467 p.; _b23 cm. |
||
| 440 |
_aSocial science. Economics. Asian Studies _927014 |
||
| 653 | _aშრომითი ურთიერთობები ინგლისში | ||
| 653 | _aშრომითი ურთიერთობები იაპონიაში | ||
| 942 |
_2udc _cᲬᲘᲒᲜᲘ |
||